000
00391nam a2200145Ia 4500
008
100204s9999 xx 000 0 und d
082
_b
13604
100
_a
वाड छाया
245
_a
उ:शाप
260
_b
"उदयदीप प्रकाशन , मुंबई"
_c
1984
300
_a
180
630
_a
उ:शाप
730
_a
उ:शाप
942
_c
BOOK
999
_c
458036
_d
458033